[Event "Fellbach Oeffingen op 2nd"]
[Site "Fellbach Oeffingen"]
[Date "2011.06.12"]
[Round "3"]
[White "Gustain, Marc"]
[Black "Weida, Alexander"]
[Result "1-0"]
[WhiteElo "2091"]
[BlackElo "1945"]
[PlyCount "69"]
[EventDate "2011.06.11"]
[EventType "swiss"]
[EventRounds "7"]
[EventCountry "GER"]
[SourceTitle "CBM 142 Extra"]
[Source "ChessBase"]
[SourceDate "2011.06.27"]
[SourceVersion "1"]
[SourceVersionDate "2011.06.27"]
[SourceQuality "1"]

1. e4 e6 2. d4 d5 3. Nc3 Bb4 4. e5 Ne7 5. a3 Bxc3+ 6. bxc3 c5 7. Qg4 Qc7 8. Qxg7 Rg8 9. Qxh7 cxd4 10. Ne2 Nbc6 11. f4 dxc3 12. Qd3 Bd7 13. Rg1 0-0-0 14. g4 Be8 15. Nxc3 Nxe5 16. fxe5 Qxe5+ 17. Be2 Qxh2 18. Qg3 Qxg3+ 19. Rxg3 Nf5 20. Rd3 Nd6 21. Bf4 Nc4 22. Rdd1 Bc6 23. Kf2 Nb2 24. Rdb1 Na4 25. Nxa4 Bxa4 26. Rb4 Bc6 27. Be5 Kd7 28. Rf4 f5 29. Rh1 Rdf8 30. Rh7+ Kc8 31. Bd6 Re8 32. gxf5 d4 33. f6 Rg2+ 34. Ke1 Reg8 35. f7 1-0